Aventura matemática 7/1 : equipo didáctico /
Guardado en:
| Autor Principal: | |
|---|---|
| Otros Autores: | , |
| Formato: | Libro |
| Publicado: |
Buenos Aires :
Aique
|
| Series: | Primaria
|
| Materias: | |
| Etiquetas: |
Agregar Etiqueta
Sin Etiquetas, Sea el primero en etiquetar este registro!
|
| LEADER | 00854nam a22002535a 4500 | ||
|---|---|---|---|
| 001 | CEM.cems013309 | ||
| 005 | 20100319120833.0 | ||
| 008 | 130507b######################000#0#####d | ||
| 003 | CEMS | ||
| 020 | |a 9789870602552 | ||
| 082 | 0 | 4 | |a 372.7 |
| 100 | 1 | |a Balbuena, Carolina | |
| 245 | 1 | 0 | |a Aventura matemática 7/1 : |b equipo didáctico / |c Carolina Balbuena, Romina Castro y Gabriela Rocca |
| 260 | |a Buenos Aires : |b Aique | ||
| 300 | |a 256 p. | ||
| 490 | 0 | |a Primaria | |
| 500 | |a Material para el docentepara Segundo Ciclo: 4to, 5to, 6to y 7mo | ||
| 505 | 0 | |a Herramientas para planificar, para dar clase y para evaluar segundo ciclo. | |
| 653 | |a Matemática | ||
| 653 | |a Matemática-didáctica | ||
| 653 | |a Matemática-2do ciclo | ||
| 700 | 1 | |a Castro, Romina | |
| 700 | 1 | |a Rocca, Gabriela | |
| 859 | |a CEMS |b BIB. CEMS - 11 de abril |h 372.7 |i B188 |p 25810.10 |t Ej.1 | ||
